000 01206cam a22002174a 4500
005 20250605163543.0
008 250528s ||||||||||||||||||||||||d
035 _a21660
020 _a9789602187326
040 _aGR-AtMCL
_bgre
_dGR-AtMCL
_eAACR2
245 1 _aΔΙΟΙΚΗΣΗ ΚΑΙ ΔΙΑΧΕΙΡΙΣΗ ΕΡΓΩΝ: ΜΕΘΟΔΟΙ ΚΑΙ ΤΕΧΝΙΚΕΣ
250 _a2
260 _bΚριτική,
_c2011
300 _a615
505 0 _aΑΝΑΛΥΣΗ ΒΑΣΙΚΩΝ ΕΝΝΟΙΩΝ ΓΙΑ ΤΑ ΕΡΓΑ ΕΙΣΑΓΩΓΗ ΣΤΗ ΔΙΟΙΚΗΣΗ ΕΡΓΩΝ ΗΓΕΣΙΑ ΚΑΙ ΚΑΘΟΔΗΓΗΣΗ ΣΤΙΣ ΕΠΙΧΕΙΡΗΣΕΙΣ ΚΑΙ ΤΑ ΕΡΓΑ ΑΠΟΔΟΣΗ, ΥΠΟΚΙΝΗΣΗ, ΚΙΝΗΤΡΑ ΚΑΙ ΑΜΟΙΒΕΣ ΤΩΝ ΕΡΓΑΖΟΜΕΝΩΝ
520 _aΑΝΑΛΥΣΗ ΒΑΣΙΚΩΝ ΕΝΝΟΙΩΝ ΓΙΑ ΤΑ ΕΡΓΑ ΕΙΣΑΓΩΓΗ ΣΤΗ ΔΙΟΙΚΗΣΗ ΕΡΓΩΝ ΗΓΕΣΙΑ ΚΑΙ ΚΑΘΟΔΗΓΗΣΗ ΣΤΙΣ ΕΠΙΧΕΙΡΗΣΕΙΣ ΚΑΙ ΤΑ ΕΡΓΑ ΑΠΟΔΟΣΗ, ΥΠΟΚΙΝΗΣΗ, ΚΙΝΗΤΡΑ ΚΑΙ ΑΜΟΙΒΕΣ ΤΩΝ ΕΡΓΑΖΟΜΕΝΩΝ
700 1 _aΠολυζος Σεραφειμ
942 _cBK
999 _c6721
_d6721